00506nam a2200193Ia 4500008004000000020001500040041000800055082001800063100002100081245005400102260005600156300001000212650001000222650001700232650001600249650001900265650000800284700002000292210210b2003 xxu||||| |||| 00| 0 eng d a817391544X aeng a342.0852 MUSC aMUSTAFA (Faizan) aConversion: constitutional and legal implications aNew DelhibKanishka Publishers & Distributorsc2003 ax,196 alegal aimplications aConversion: aconstitutional aand aSHARMA (Anurag)